[Event "36th Olympiad w"]
[Site "Calvia ESP"]
[Date "2004.10.18"]
[Round "4"]
[White "Valickova,M"]
[Black "Bashkite,V"]
[Result "1/2-1/2"]
[WhiteElo "2076"]
[BlackElo "2206"]
[EventDate "2004.10.15"]

1. e4 e5 2. Nf3 Nf6 3. Nxe5 d6 4. Nf3 Nxe4 5. Nc3 Nxc3 6. dxc3 Be7 7. Bf4
Nd7 8. Qd2 O-O 9. Nd4 Qe8 10. O-O-O Nc5 11. f3 Bf6 12. Kb1 Be6 13. Be3 Bxd4
14. cxd4 1/2-1/2

[Event "36th Olympiad w"]
[Site "Calvia ESP"]
[Date "2004.10.18"]
[Round "4"]
[White "Melnik,G"]
[Black "Brokko Olde,M"]
[Result "1/2-1/2"]
[WhiteElo "2083"]
[BlackElo "2114"]
[EventDate "2004.10.15"]

1. d4 Nf6 2. Nf3 c5 3. d5 e6 4. c4 exd5 5. cxd5 d6 6. Nc3 g6 7. g3 Bg7 8.
Bg2 O-O 9. O-O Re8 10. Nd2 Nbd7 11. e4 a6 12. a4 Rb8 13. Nc4 Nb6 14. Na3
Bd7 15. a5 Nc8 16. Nc4 Bb5 17. Qb3 Qd7 18. Re1 b6 19. axb6 Nxb6 20. Nxb6
Rxb6 21. Qd1 Bc4 22. Ra3 Ng4 23. Na4 Rbb8 24. h3 Ne5 25. b3 Bb5 26. Nb2 Qc7
27. Kh2 c4 28. bxc4 Nxc4 29. Nxc4 Bxc4 30. Be3 Bb5 31. Bf1 Rxe4 32. Bxb5
axb5 33. Rb3 Ree8 34. Qd2 Qc4 35. Rbb1 Bc3 36. Qd1 Bxe1 37. Qxe1 Qxd5 38.
Rd1 Qe6 39. Qc3 b4 40. Qb2 f6 41. Bd4 Rf8 42. Rd3 b3 43. Re3 Qf5 44. Rxb3
Rxb3 45. Qxb3+ d5 46. Qb2 Kg7 47. Kg2 Qe4+ 48. Kh2 Rf7 49. h4 Qf3 50. Be3
Re7 51. Qd2 Qe4 52. Bb6 Kf7 53. Be3 Rd7 54. Bd4 Rb7 55. Qh6 Ke6 56. Qc1 Kd7
57. Qd1 Qe6 58. Qf3 Ke7 59. Qc3 Kf7 60. Qa1 h6 61. Qc1 g5 62. Qd1 g4 63.
Qc1 Kg6 64. Be3 Qf5 65. Qc6 Re7 66. Qc1 Re4 67. Qd2 Rc4 68. Qb2 Rc2 69. Qb6
Qe4 70. Qa7 Rc3 71. Qb8 Qe7 72. Qg8+ 1/2-1/2

[Event "36th Olympiad w"]
[Site "Calvia ESP"]
[Date "2004.10.18"]
[Round "4"]
[White "Hagesaether,E"]
[Black "Mouradian,K"]
[Result "1/2-1/2"]
[WhiteElo "2188"]
[BlackElo "2119"]
[EventDate "2004.10.15"]

1. Nf3 c5 2. g3 Nc6 3. Bg2 e5 4. e4 Nf6 5. d3 Be7 6. O-O O-O 7. c3 Re8 8.
a3 d5 9. exd5 Nxd5 10. Re1 f6 11. b4 a6 12. Bb2 Bg4 13. Nbd2 Qd7 14. Nc4
Kh8 15. Qe2 Rad8 16. Qf1 cxb4 17. axb4 Bf8 18. Ne3 Nxe3 19. Rxe3 Ne7 20. d4
Nf5 21. Re4 Bxf3 22. Bxf3 exd4 23. Rxe8 Rxe8 24. Rd1 Qf7 25. cxd4 Qb3 26.
Qd3 Re1+ 27. Kg2 Ne3+ 28. fxe3 Qxb2+ 29. Kh3 Rxd1 30. Bxd1 Qxb4 31. Qf5 Qe7
32. Qc8 a5 33. Ba4 g6 34. e4 Kg7 35. e5 fxe5 36. dxe5 Qxe5 37. Qxb7+ Be7
38. Qb5 Qxb5 39. Bxb5 Kf6 40. Kg2 g5 41. h4 h6 42. Kf3 Kg6 43. Ke4 Bd6 44.
hxg5 hxg5 45. g4 Kf6 46. Kd5 Bb4 47. Kc4 Ke5 48. Kb3 1/2-1/2

[Event "36th Olympiad w"]
[Site "Calvia ESP"]
[Date "2004.10.18"]
[Round "4"]
[White "Nekrasova,E"]
[Black "Berntsen,S"]
[Result "1/2-1/2"]
[WhiteElo "2107"]
[BlackElo "2118"]
[EventDate "2004.10.15"]

1. e4 e5 2. Nf3 Nc6 3. Bb5 a6 4. Ba4 f5 5. d4 exd4 6. e5 Bc5 7. O-O Nge7 8.
Bb3 d5 9. exd6 Qxd6 10. Re1 Bd7 11. Ng5 Nd8 12. Qf3 h6 13. Bf4 Qb6 14. Qh5+
g6 15. Qh4 Bd6 16. Nf3 Ndc6 17. Bxd6 cxd6 18. Qf6 O-O-O 19. Rxe7 Nxe7 20.
Qxe7 a5 21. a4 d3 22. Nbd2 dxc2 23. Qe3 Qxe3 24. fxe3 d5 25. Nd4 Rde8 26.
Kf2 g5 27. Bxd5 Bxa4 28. b3 Bd7 29. Nxc2 Re5 30. Nc4 Re7 31. Rxa5 Kb8 32.
Nd4 Rf8 33. Kg3 Rf6 34. Nf3 Be8 35. b4 b6 36. Ra8+ Kc7 37. Ra7+ Kc8 38.
Nfe5 b5 39. Ra8+ Kc7 40. Ra7+ Kc8 1/2-1/2

[Event "36th Olympiad w"]
[Site "Calvia ESP"]
[Date "2004.10.18"]
[Round "4"]
[White "Ptacnikova,L"]
[Black "Lindiawati,E"]
[Result "1-0"]
[WhiteElo "2257"]
[BlackElo "2125"]
[EventDate "2004.10.15"]

1. c4 e5 2. g3 Nf6 3. Bg2 Nc6 4. Nc3 d6 5. d3 Be6 6. Nd5 Be7 7. e3 O-O 8.
Ne2 Ne8 9. d4 exd4 10. Nxd4 Nxd4 11. Qxd4 c6 12. Nxe7+ Qxe7 13. O-O Qf6 14.
Rd1 Qxd4 15. Rxd4 Rd8 16. b3 Nc7 17. Ba3 c5 18. Rd2 b5 19. cxb5 Nxb5 20.
Bb2 f5 21. Rad1 Kf7 22. a4 Nc7 23. Rxd6 Rxd6 24. Rxd6 Rb8 25. Rc6 Ne8 26.
Rxc5 Rxb3 27. Bc1 Rb1 28. e4 fxe4 29. Bxe4 Rb4 30. Bc6 Rc4 31. Rxc4 Bxc4
32. Be3 a6 33. f4 g6 34. Kf2 Nf6 35. Kf3 h5 36. Bd4 Nd5 37. Ke4 Nb4 38. Bb7
Ke6 39. Bc8+ Kd6 40. Be5+ Kc5 41. Bd4+ Kd6 42. f5 Kc7 43. Be6 Bd3+ 44. Kf4
Nc6 45. Be5+ Kb6 46. fxg6 Bxg6 47. Bb3 Kc5 48. Bc3 Ne7 49. Kg5 Be8 50. Bd1
Nd5 51. Bd2 Nb4 52. Bxb4+ Kxb4 53. g4 hxg4 54. Bxg4 Bxa4 55. h4 a5 56. h5
Kb3 57. h6 Bb5 58. h7 a4 59. h8=Q a3 60. Qd4 1-0

[Event "36th Olympiad w"]
[Site "Calvia ESP"]
[Date "2004.10.18"]
[Round "4"]
[White "Siti,Z"]
[Black "Van der Merwe,C"]
[Result "1-0"]
[WhiteElo "2162"]
[BlackElo "2059"]
[EventDate "2004.10.15"]

1. e4 e6 2. d4 d5 3. Nc3 Nf6 4. e5 Nfd7 5. Nce2 c5 6. c3 Nc6 7. f4 b5 8. a3
Qb6 9. Nf3 a5 10. f5 exf5 11. Nf4 Ne7 12. dxc5 Qxc5 13. Qe2 Nb6 14. Be3 Qc7
15. Qxb5+ Nd7 16. O-O-O Ba6 17. Nxd5 Nxd5 18. Qxd5 Bb7 19. Qd2 Be7 20. Bb5
Rd8 21. Bf4 Qc8 22. e6 1-0

[Event "36th Olympiad w"]
[Site "Calvia ESP"]
[Date "2004.10.18"]
[Round "4"]
[White "Pretorius,M"]
[Black "Nur Shazwani,Z"]
[Result "0-1"]
[WhiteElo "1965"]
[BlackElo "2062"]
[EventDate "2004.10.15"]

1. e4 e6 2. d4 d5 3. Nc3 Nf6 4. Bg5 Be7 5. e5 Nfd7 6. h4 a6 7. Bxe7 Qxe7 8.
Qg4 Qf8 9. O-O-O c5 10. dxc5 Nc6 11. Nf3 Nxc5 12. a3 b6 13. Be2 Bb7 14.
Rhe1 Nd7 15. Bf1 O-O-O 16. Re3 Kb8 17. Qf4 Ka7 18. Na4 Rc8 19. Nd4 Na5 20.
Rc3 Qe7 21. g3 b5 22. Bxb5 axb5 23. Nxb5+ Kb8 24. Nd6 Rxc3 25. Nxc3 Nc6 26.
Ncb5 Ndxe5 27. Re1 f6 28. Re3 Rd8 29. Nxb7 Kxb7 30. Rb3 Kc8 31. Qa4 Kd7 32.
Qa6 Ke8 33. f4 Nb8 34. Nc7+ Qxc7 35. Qxe6+ Kf8 36. fxe5 Qxe5 37. Re3 Qxe6
38. Rxe6 Kf7 39. Rb6 Ke7 40. Kd2 Nd7 41. Rc6 g6 42. b4 Ra8 43. Rc3 Kd6 44.
Rf3 f5 45. Rc3 Ne5 46. Ke3 Nc4+ 47. Kd4 Rxa3 48. Rxa3 Nxa3 49. Kc3 Nb5+ 50.
Kb3 Nd4+ 51. Ka4 Nxc2 52. b5 Nd4 53. Ka5 Nxb5 54. Kxb5 Ke5 55. Kc5 h6 56.
Kb4 g5 57. hxg5 hxg5 58. Kc3 Ke4 59. Kd2 Kf3 60. Kd3 Kxg3 61. Kd4 f4 62.
Kxd5 f3 0-1

[Event "36th Olympiad w"]
[Site "Calvia ESP"]
[Date "2004.10.18"]
[Round "4"]
[White "Castillo,Di"]
[Black "Cruz,Ev"]
[Result "1-0"]
[WhiteElo "2043"]
[BlackElo "2036"]
[EventDate "2004.10.15"]

1. e4 d6 2. Nf3 Nf6 3. d3 g6 4. c4 Bg7 5. Nc3 O-O 6. Be2 c6 7. h3 e5 8. O-O
Nbd7 9. Be3 Re8 10. Qd2 d5 11. cxd5 cxd5 12. Bg5 Nb6 13. Rac1 a6 14. Bd1
dxe4 15. Nxe4 Nxe4 16. dxe4 Qxd2 17. Nxd2 Bd7 18. Bb3 Bc6 19. f4 Bb5 20.
Rf3 Rac8 21. Rxc8 Rxc8 22. fxe5 Rc1+ 23. Kf2 Bxe5 24. Bxf7+ Kg7 25. Be6
Bd4+ 26. Kg3 Be5+ 27. Kh4 Rc7 28. Bd8 Rc6 29. Rf7+ Kh8 30. Rf8+ Kg7 31.
Rg8+ 1-0

[Event "36th Olympiad w"]
[Site "Calvia ESP"]
[Date "2004.10.18"]
[Round "4"]
[White "Leite,C"]
[Black "Cast,A"]
[Result "0-1"]
[WhiteElo "2236"]
[BlackElo "2082"]
[EventDate "2004.10.15"]

1. e4 e6 2. d4 d5 3. Nd2 Nf6 4. Bd3 c5 5. c3 Nc6 6. Ngf3 Qb6 7. O-O Be7 8.
exd5 exd5 9. dxc5 Bxc5 10. Nb3 Be7 11. Nbd4 O-O 12. Bc2 Bg4 13. Qd3 Bh5 14.
Nf5 Bg6 15. N3h4 Rfe8 16. Nxe7+ Nxe7 17. Nxg6 hxg6 18. Bb3 Qc7 19. Bg5 Rad8
20. Rad1 Qe5 21. Bxf6 gxf6 22. Rfe1 Qd6 23. h3 Kg7 24. Re3 a6 25. Qe2 Kf8
26. Qf3 Kg7 27. Red3 Qb6 28. Rd4 Rh8 29. Qe2 Rhe8 30. Qd2 Qa5 31. c4 Qxd2
32. R1xd2 Rd6 33. cxd5 Red8 34. Kf1 f5 35. Ke2 Kf6 36. f4 b5 37. Rc2 Kg7
38. Rc5 Kf8 39. Ke3 Kg7 40. Rd3 R8d7 41. Rcc3 Kf8 42. Rd2 Kg7 43. Rd4 Kf8
44. a4 bxa4 45. Bxa4 Rxd5 46. Rcc4 Rxd4 47. Rxd4 Rc7 48. Rd2 Nc8 49. Bb3
Ke7 50. Rd5 Nb6 51. Ra5 Nc4+ 52. Bxc4 Rxc4 53. g3 Rc6 54. Kd3 Rb6 55. Kc3
Kd6 56. b4 Rc6+ 57. Kd4 Rb6 58. Rd5+ Ke6 59. Re5+ Kd6 60. Kc4 Rc6+ 61. Kb3
Rb6 62. Ka4 Rc6 63. Kb3 Rb6 64. Ka4 Rc6 65. Ra5 Ke6 66. Re5+ Kd6 67. Re3
Rb6 68. Rd3+ Ke6 69. Rd4 Rc6 70. Ka5 Ke7 71. Rd5 Ke6 72. Rc5 Rd6 73. Rc7
Rd3 74. Kxa6 Rxg3 75. b5 Rxh3 76. b6 Ra3+ 77. Kb5 Rb3+ 78. Ka5 f6 79. Rc6+
Ke7 80. Rc4 Kd6 81. Rb4 Ra3+ 82. Kb5 Ra8 83. Ra4 Rb8 84. Rc4 g5 85. Rb4 g4
86. Ka6 g3 87. Rb3 g2 88. Rg3 Ra8+ 89. Kb7 Ra2 90. Kb8 Kd5 91. b7 Rc2 92.
Ka7 Rb2 93. Kb8 Ke4 94. Rxg2 0-1

[Event "36th Olympiad w"]
[Site "Calvia ESP"]
[Date "2004.10.18"]
[Round "4"]
[White "Smith,O"]
[Black "Coimbra,M"]
[Result "1/2-1/2"]
[WhiteElo "1831"]
[BlackElo "2079"]
[EventDate "2004.10.15"]

1. e4 e5 2. Nf3 Nc6 3. Bc4 Bc5 4. c3 Nf6 5. d3 d6 6. a4 a6 7. O-O O-O 8.
Re1 Bg4 9. h3 Be6 10. Nbd2 Ba7 11. Bb3 Ne7 12. Bxe6 fxe6 13. Qb3 Qc8 14. d4
exd4 15. Nxd4 Bxd4 16. cxd4 Ng6 17. Nf3 d5 18. exd5 exd5 19. Ne5 c6 20.
Nxg6 hxg6 21. Re7 Rf7 22. Rxf7 Kxf7 23. Bf4 Qd7 24. Re1 Re8 25. Rxe8 Nxe8
26. g4 Nf6 27. f3 Nh7 28. Be5 Ng5 29. Kg2 Qe7 30. Qc3 Ne6 31. b4 Qg5 32.
Kg3 Qe7 33. h4 Qd8 34. a5 Qe7 35. Qb2 Qf8 36. Qb1 Qe7 37. f4 Nf8 38. h5
gxh5 39. gxh5 Kg8 40. Kg4 Nd7 41. Kf3 Qh4 42. Qg6 Qh1+ 43. Kf2 Nxe5 44.
fxe5 Qh4+ 45. Ke3 Qe1+ 46. Kd3 Qxb4 47. Qe8+ Kh7 48. Qg6+ Kg8 49. Qe6+ Kh7
50. Qg6+ Kg8 51. Qe6+ Kh7 52. Qg6+ 1/2-1/2

[Event "36th Olympiad w"]
[Site "Calvia ESP"]
[Date "2004.10.18"]
[Round "4"]
[White "Zapata,K"]
[Black "Koskoska,G"]
[Result "1-0"]
[WhiteElo "2162"]
[BlackElo "2242"]
[EventDate "2004.10.15"]

1. d4 Nf6 2. c4 c5 3. Nf3 cxd4 4. Nxd4 g6 5. g3 Bg7 6. Bg2 O-O 7. O-O Nc6
8. Nc2 d6 9. Nc3 Be6 10. b3 Qd7 11. Bb2 Bh3 12. Ne3 h5 13. Re1 h4 14. Bh1
Nh5 15. Bf3 Ne5 16. Bxh5 gxh5 17. Ng2 hxg3 18. hxg3 Ng6 19. e4 h4 20. Nxh4
Nxh4 21. gxh4 Qe6 22. Kh1 Bg4 23. f3 Bh5 24. Kg2 Kh7 25. Qd5 Bxf3+ 26. Kxf3
Qh3+ 27. Ke2 Qg2+ 28. Kd3 Qxb2 29. Qf5+ Kg8 30. Rac1 Qh2 31. Rf1 Qe5 32.
Nd5 Rae8 33. Qxe5 dxe5 34. Rg1 Kh8 35. Rcf1 Rd8 36. Kc3 Rd6 37. Re1 Rd7 38.
h5 Rg8 39. h6 Bf8 40. Rxg8+ Kxg8 41. c5 f6 42. b4 Kf7 43. h7 Bg7 44. b5 Rd8
45. c6 bxc6 46. bxc6 Ke6 47. c7 Rc8 48. Re2 1-0

[Event "36th Olympiad w"]
[Site "Calvia ESP"]
[Date "2004.10.18"]
[Round "4"]
[White "Pacheco,H"]
[Black "Mongeau,D"]
[Result "1-0"]
[WhiteElo "1984"]
[BlackElo "2079"]
[EventDate "2004.10.15"]

1. d4 d5 2. Nf3 e6 3. e3 Nf6 4. Bd3 c5 5. b3 Nc6 6. a3 cxd4 7. exd4 Bd6 8.
O-O b6 9. Bb2 Bb7 10. Ne5 Qe7 11. Nd2 Nd7 12. f4 O-O-O 13. Qe2 Bxe5 14.
fxe5 f6 15. b4 f5 16. c4 Ndb8 17. cxd5 Rxd5 18. Rac1 Kd8 19. Nf3 g5 20. b5
Na5 21. Qc2 Rd7 22. Qf2 Ke8 23. Rc3 Kf7 24. Nd2 Rc8 25. Rxc8 Bxc8 26. Ne4
Rc7 27. Nd6+ Kg8 28. Rc1 Rxc1+ 29. Bxc1 Bb7 30. Qc2 h6 31. Nc8 Qd7 32. Nd6
a6 33. a4 axb5 34. axb5 Bd5 35. h4 Nb3 36. hxg5 Nxc1 37. Qxc1 hxg5 38.
Qxg5+ Qg7 39. Qd8+ Kh7 40. Bf1 Nd7 41. Ne8 Qf7 42. Qh4+ Kg8 43. Qg5+ Kh7
44. Qh4+ Kg8 45. Nd6 Qg7 46. g3 Nxe5 47. dxe5 Qxe5 48. Qd8+ Kh7 49. Qe7+
Qg7 50. Qxg7+ Kxg7 51. Nc8 e5 52. Nxb6 Bb7 53. Kf2 Kg6 54. Ke3 Kg5 55. Nc4
Kg4 56. Nxe5+ Kxg3 57. Nd3 Bd5 58. Nf4 Bb7 59. b6 Kg4 60. Bg2 Ba6 61. Bf3+
Kg5 62. b7 Bxb7 63. Bxb7 Kf6 64. Kd4 Kg5 65. Ke5 Kg4 66. Ne6 f4 67. Nxf4
Kg5 68. Be4 Kg4 69. Bc6 Kg5 70. Ne6+ Kg4 71. Ke4 Kh5 72. Kf5 Kh4 73. Kf4
Kh5 74. Be4 Kh6 75. Kf5 Kh5 76. Ng7+ Kh6 77. Ne8 Kh5 78. Nd6 Kh6 79. Kf6
Kh5 80. Kf5 Kh4 81. Kf4 Kh5 82. Nf7 Kh4 83. Bg6 Kh3 84. Be4 Kh4 85. Bf3 Kh3
86. Ne5 Kh4 87. Ng6+ Kh3 88. Be2 Kh2 89. Kf3 Kh3 90. Bf1+ Kh2 91. Nf4 Kg1
92. Be2 Kh2 93. Kf2 Kh1 94. Bg4 Kh2 95. Ne2 Kh1 96. Ng3+ 1-0

[Event "36th Olympiad w"]
[Site "Calvia ESP"]
[Date "2004.10.18"]
[Round "4"]
[White "Quinn,De"]
[Black "Rantanen,T"]
[Result "0-1"]
[WhiteElo "2036"]
[BlackElo "2128"]
[EventDate "2004.10.15"]

1. e4 c5 2. Nc3 Nc6 3. g3 g6 4. Bg2 Bg7 5. d3 d6 6. Be3 Nd4 7. Qd2 Qa5 8.
Rb1 e6 9. Nf3 Nxf3+ 10. Bxf3 Bd7 11. O-O Ne7 12. Rfd1 Nc6 13. a3 Nd4 14.
Bxd4 Bxd4 15. Ne2 Qxd2 16. Rxd2 Bg7 17. d4 Bc6 18. Bg2 Ke7 19. c4 Rhc8 20.
d5 exd5 21. exd5 Bd7 22. Re1 Kf8 23. Nc3 f5 24. Rde2 Bf6 25. Re6 Bxc3 26.
bxc3 Bxe6 27. dxe6 Rc7 28. Bd5 Rb8 29. Re3 b5 30. Rf3 Ke7 31. g4 Rf8 32.
gxf5 Rxf5 33. Rh3 Kf6 34. Rd3 a6 35. cxb5 axb5 36. Kf1 c4 37. Rd1 Ra7 38.
Bc6 Kxe6 39. Rb1 Rxa3 40. Bxb5 Rxc3 41. Be8 Rc2 0-1

[Event "36th Olympiad w"]
[Site "Calvia ESP"]
[Date "2004.10.18"]
[Round "4"]
[White "Garcia Garcia,E"]
[Black "Cima,R"]
[Result "1/2-1/2"]
[WhiteElo "2051"]
[BlackElo "2130"]
[EventDate "2004.10.15"]

1. e4 e5 2. Nf3 Nc6 3. d4 exd4 4. Nxd4 Bc5 5. Be3 Bb6 6. Nf5 Bxe3 7. Nxe3
Nf6 8. Nc3 O-O 9. Qd2 Re8 10. f3 d6 11. O-O-O a6 12. Ned5 Nxd5 13. exd5 Ne5
14. f4 Ng6 15. Bd3 Qf6 16. g3 Bf5 17. Rde1 Bxd3 18. Qxd3 Re7 19. Re2 Rae8
20. Rhe1 Rxe2 21. Rxe2 Rxe2 22. Nxe2 Qe7 23. Kd2 Nf8 24. Qb3 b6 25. Qd3 a5
26. Nd4 Nd7 27. Qe2 Qxe2+ 28. Kxe2 Nf6 29. c4 Kf8 30. Kf3 Ke8 31. Nf5 g6
32. Nd4 Nd7 33. Nb5 Kd8 34. Kg4 Nf6+ 1/2-1/2

[Event "36th Olympiad w"]
[Site "Calvia ESP"]
[Date "2004.10.18"]
[Round "4"]
[White "Guerrero Rodriguez,Alej"]
[Black "Driza,A"]
[Result "1-0"]
[WhiteElo "2102"]
[BlackElo "2068"]
[EventDate "2004.10.15"]

1. e4 e5 2. Nf3 Nc6 3. Bb5 a6 4. Ba4 Nf6 5. O-O d6 6. d4 exd4 7. Nxd4 Bd7
8. Nc3 Nxd4 9. Bxd7+ Qxd7 10. Qxd4 Be7 11. Bg5 h6 12. Bh4 O-O-O 13. e5 dxe5
14. Qa7 Qc6 15. Rad1 Bd6 16. Bxf6 gxf6 17. Nd5 b5 18. Qe3 f5 19. Qf3 Qd7
20. Nb4 e4 21. Qa3 c5 22. Qxa6+ Qb7 23. Rxd6 Rxd6 24. Qxd6 cxb4 25. Rd1 Rg8
26. Qd5 Rg5 27. Qd8+ 1-0

[Event "36th Olympiad w"]
[Site "Calvia ESP"]
[Date "2004.10.18"]
[Round "4"]
[White "Elfelo,K"]
[Black "Nakagawa,E"]
[Result "1/2-1/2"]
[WhiteElo "1884"]
[BlackElo "1949"]
[EventDate "2004.10.15"]

1. e4 c6 2. d4 d5 3. Nd2 dxe4 4. Nxe4 Nd7 5. Bf4 Ngf6 6. Ng3 e6 7. Nf3 Be7
8. c3 b6 9. Bd3 Bb7 10. O-O O-O 11. Qc2 c5 12. Ne4 Nxe4 13. Bxe4 Bxe4 14.
Qxe4 Nf6 15. Qe2 Qc8 16. Rad1 Rd8 17. h3 Qb7 18. Rfe1 Rac8 19. Be5 h6 20.
dxc5 Rxc5 21. Rxd8+ Bxd8 22. Rd1 Rd5 23. Rd4 Be7 24. Qd3 Qd7 25. c4 Rxd4
26. Qxd4 Bc5 27. Qxd7 Nxd7 28. Bd4 a5 29. Bxc5 Nxc5 30. a3 Nd3 31. b3 Kf8
32. Kf1 Ke7 33. Ne1 Nxe1 34. Kxe1 Kd6 35. Kd2 e5 36. b4 axb4 37. axb4 f5
38. Ke3 h5 39. f4 h4 40. fxe5+ Kxe5 41. c5 bxc5 42. bxc5 g5 43. c6 Kd6 44.
Kd4 g4 45. c7 Kxc7 46. Ke5 gxh3 47. gxh3 Kd7 48. Kxf5 Ke7 49. Kg4 Kf7 50.
Kxh4 Kg6 51. Kg4 Kf7 52. Kh4 Kg6 53. Kg4 Kf7 54. Kh4 Kg6 55. Kg4 Kh6 56. h4
Kg6 57. h5+ Kh6 58. Kh4 Kh7 59. Kg5 Kg7 60. h6+ Kh7 61. Kh5 Kh8 1/2-1/2

[Event "36th Olympiad w"]
[Site "Calvia ESP"]
[Date "2004.10.18"]
[Round "4"]
[White "Maeckelberg,M"]
[Black "Hamid,R"]
[Result "1/2-1/2"]
[WhiteElo "2020"]
[BlackElo "2164"]
[EventDate "2004.10.15"]

1. e4 c5 2. Nf3 Nc6 3. Bb5 g6 4. O-O Bg7 5. Re1 e5 6. Nc3 Nge7 7. d3 O-O 8.
Bg5 f6 9. Be3 d6 10. Bc4+ Kh8 11. h3 Nd4 12. Nd5 Nxf3+ 13. Qxf3 Nxd5 14.
Bxd5 Qe7 15. Qg3 Be6 16. Bxe6 Qxe6 1/2-1/2

[Event "36th Olympiad w"]
[Site "Calvia ESP"]
[Date "2004.10.18"]
[Round "4"]
[White "Parveen,S"]
[Black "Stolarczyk,An"]
[Result "1/2-1/2"]
[WhiteElo "2139"]
[BlackElo "2006"]
[EventDate "2004.10.15"]

1. d4 d5 2. Nf3 Nf6 3. g3 c6 4. Bg2 Bf5 5. O-O h6 6. c4 e6 7. b3 Nbd7 8.
Bb2 Be7 9. Nc3 Ne4 10. Nxe4 Bxe4 11. Nd2 Bxg2 12. Kxg2 O-O 13. a3 Nf6 14.
Qc2 Qc7 15. Rac1 Rac8 16. b4 a5 17. c5 axb4 18. axb4 b5 19. Ra1 Ra8 20.
Rfb1 Qb8 21. Nb3 Rxa1 22. Rxa1 1/2-1/2

[Event "36th Olympiad w"]
[Site "Calvia ESP"]
[Date "2004.10.19"]
[Round "5"]
[White "Houska,Jo"]
[Black "Zhao Xue"]
[Result "0-1"]
[WhiteElo "2298"]
[BlackElo "2487"]
[EventDate "2004.10.15"]

1. e4 c5 2. Nf3 d6 3. d4 cxd4 4. Nxd4 Nf6 5. Nc3 a6 6. Bc4 e6 7. Bb3 b5 8.
O-O Bb7 9. Bxe6 fxe6 10. Nxe6 Qc8 11. Nd5 Bxd5 12. exd5 Kf7 13. Qe2 h6 14.
a4 Nbd7 15. Ra3 Qc4 16. Qe3 Nxd5 17. Qh3 N5f6 18. Re1 b4 19. Rae3 Qg4 20.
Qxg4 Nxg4 21. Rf3+ Ngf6 22. Nc7 Rc8 23. Nxa6 d5 24. Rb3 Rxc2 25. Nxb4 Rc4
26. Nd3 Rxa4 27. Bf4 Be7 28. Rb7 Rha8 29. g4 R8a7 30. Rb5 g5 31. Bb8 Nxb8
32. Ne5+ Kg7 33. Rxb8 Bd6 34. Rb6 Ra1 35. Nf3 Rxe1+ 36. Nxe1 Ra1 37. Rxd6
Rxe1+ 38. Kg2 Rb1 39. Rb6 Nxg4 40. f3 Ne5 41. Rb5 Nd3 42. Kg3 Rg1+ 0-1

[Event "36th Olympiad w"]
[Site "Calvia ESP"]
[Date "2004.10.19"]
[Round "5"]
[White "Huang Qian"]
[Black "Richards,H"]
[Result "1-0"]
[WhiteElo "2371"]
[BlackElo "2197"]
[EventDate "2004.10.15"]

1. d4 d5 2. c4 e6 3. Nf3 c5 4. cxd5 exd5 5. Nc3 Nc6 6. g3 Nf6 7. Bg2 Be7 8.
O-O O-O 9. Bg5 cxd4 10. Nxd4 h6 11. Be3 Re8 12. Rc1 Bf8 13. Qa4 Na5 14.
Rcd1 Bd7 15. Qc2 Rc8 16. Qb1 Bg4 17. h3 Be6 18. Kh2 Nc4 19. Bf4 Qb6 20. b3
Na3 21. Qd3 Bb4 22. Ncb5 Nxb5 23. Qxb5 Qxb5 24. Nxb5 Rc2 25. a3 Bf8 26. Bf3
Ra2 27. Ra1 Rxa1 28. Rxa1 g5 29. Bd6 Bg7 30. Rb1 Bf5 31. Rc1 a6 32. Nc7 Rc8
33. Rd1 Bc2 34. Nxd5 Nxd5 35. Rxd5 Bxb3 36. Rd2 b6 37. Bb7 Rd8 38. Bxa6 Bf8
39. Rb2 Bxd6 40. Rxb3 Bc5 41. Rf3 Kg7 42. a4 Rd4 43. Bb5 Rb4 44. Kg2 Rd4
45. Rf5 Rb4 46. e3 Rb2 47. Kf3 Rb4 48. Be8 f6 49. Rd5 h5 50. g4 hxg4+ 51.
hxg4 Kf8 52. Bc6 Rc4 53. Bb5 Rb4 54. Rd7 Rb1 55. Rc7 Ra1 56. Ke4 Ra2 57. f4
Ra3 58. Kf5 Rxe3 59. fxg5 Rf3+ 60. Kg6 fxg5 61. a5 Rb3 62. Rf7+ Kg8 63. Bc4
Rc3 64. Be6 Re3 65. Ba2 Ra3 66. Rf2+ Rxa2 67. Rxa2 bxa5 68. Rxa5 Be7 69.
Ra8+ Bf8 70. Rc8 1-0

[Event "36th Olympiad w"]
[Site "Calvia ESP"]
[Date "2004.10.19"]
[Round "5"]
[White "Kosintseva,T"]
[Black "Gaponenko,I"]
[Result "1/2-1/2"]
[WhiteElo "2493"]
[BlackElo "2445"]
[EventDate "2004.10.15"]

1. e4 e5 2. Nf3 Nf6 3. Nxe5 d6 4. Nf3 Nxe4 5. d3 Nf6 6. d4 g6 7. Bd3 Bg7 8.
O-O O-O 9. Bg5 Nc6 10. c3 Ne7 11. Nbd2 h6 12. Be3 Bf5 13. Nc4 b5 14. Na5 c5
15. b4 Nfd5 16. Bxf5 Nxf5 17. Bd2 cxb4 18. cxb4 Rc8 19. Qb3 Nb6 20. Rac1
Qd7 21. h3 Rxc1 22. Rxc1 Rc8 23. Rd1 Qc7 24. Bf4 g5 25. Bh2 Qc3 26. Qb1 Qc2
27. Qxc2 Rxc2 28. g4 Ne7 29. Bxd6 Ned5 30. h4 gxh4 31. Nxh4 Nc3 32. Rd3
Bxd4 33. Bc5 Ne2+ 34. Kf1 Nf4 35. Rd1 Rxf2+ 36. Ke1 Re2+ 37. Kf1 Rf2+ 38.
Ke1 Re2+ 39. Kf1 Rf2+ 1/2-1/2

[Event "36th Olympiad w"]
[Site "Calvia ESP"]
[Date "2004.10.19"]
[Round "5"]
[White "Koneru,H"]
[Black "Radziewicz,I"]
[Result "1/2-1/2"]
[WhiteElo "2503"]
[BlackElo "2449"]
[EventDate "2004.10.15"]

1. d4 c5 2. d5 d6 3. Nc3 g6 4. e4 Bg7 5. Nf3 Nf6 6. Be2 O-O 7. O-O e6 8.
Re1 e5 9. Nd2 Ne8 10. Nc4 f5 11. exf5 gxf5 12. f4 e4 13. Be3 Nd7 14. g4 Nb6
15. Nxb6 Qxb6 16. Rb1 h6 17. Kh1 Nf6 18. gxf5 a5 19. Rg1 Bxf5 20. a4 Kh7
21. Nb5 Rg8 22. Qd2 Bh8 23. c3 Rae8 24. Rxg8 Rxg8 25. Rg1 Rxg1+ 26. Bxg1
Qd8 27. Bf2 Qe7 28. Kg1 Ng4 29. Bg3 Bg7 30. Qd1 Ne3 31. Qd2 Ng4 32. Qd1 Ne3
33. Qd2 Ng4 34. Qd1 Ne3 35. Qd2 Ng4 1/2-1/2

[Event "36th Olympiad w"]
[Site "Calvia ESP"]
[Date "2004.10.19"]
[Round "5"]
[White "Dworakowska,J"]
[Black "Vijayalakshmi,S"]
[Result "1/2-1/2"]
[WhiteElo "2393"]
[BlackElo "2411"]
[EventDate "2004.10.15"]

1. e4 e5 2. Nf3 Nc6 3. d4 exd4 4. Nxd4 Bb4+ 5. c3 Bc5 6. Be3 Bb6 7. Bc4
Nge7 8. Nc2 O-O 9. Bxb6 axb6 10. Ne3 d6 11. Nd2 Ne5 12. O-O Nxc4 13. Ndxc4
f5 14. Nxf5 Nxf5 15. exf5 Bxf5 16. Qd5+ Kh8 17. Ne3 Bc8 18. a3 Ra5 19. Qd4
Rh5 20. Rfe1 Rh4 21. Qd2 Bd7 22. Nd5 Rf5 23. g3 Rh6 24. Re2 Rfh5 25. f4 Bb5
26. Rae1 Bxe2 27. Qxe2 g6 28. Qe4 Rxh2 29. Qd4+ Kg8 30. Ne7+ Kf7 31. Qd5+
Kg7 32. Qd4+ Kf7 33. Qd5+ Kg7 34. Re6 Rh1+ 35. Kg2 R6h2+ 36. Kf3 Qf8 37.
Qd4+ Kh6 38. Qd5 Rh5 39. Qd2 Qf7 40. f5+ Rg5 41. Kg2 Rhh5 42. Qf4 Kg7 43.
Qd4+ Kh6 44. Qf4 Kg7 45. Qd4+ Kh6 46. Qe3 Kg7 47. Qd4+ 1/2-1/2

[Event "36th Olympiad w"]
[Site "Calvia ESP"]
[Date "2004.10.19"]
[Round "5"]
[White "Harika,D"]
[Black "Zielinska,Mar"]
[Result "1/2-1/2"]
[WhiteElo "2391"]
[BlackElo "2395"]
[EventDate "2004.10.15"]

1. Nf3 d6 2. d4 Bg4 3. c4 Nd7 4. Nc3 e5 5. g3 Bxf3 6. exf3 exd4 7. Qxd4
Ngf6 8. Bg2 Be7 9. O-O O-O 10. f4 c6 11. Re1 Re8 12. b3 Qc7 13. Bb2 a5 14.
Bf3 Nc5 15. Rad1 Bf8 16. Qd2 Qd7 17. Kg2 Qf5 18. Ne2 Nfe4 19. Qd4 h5 20. h3
Nf6 21. Qd2 Nfe4 22. Qd4 Nf6 23. Qd2 Nfe4 24. Qd4 Nf6 25. Qd2 1/2-1/2

[Event "36th Olympiad w"]
[Site "Calvia ESP"]
[Date "2004.10.19"]
[Round "5"]
[White "Johansson,V"]
[Black "Shahade,J"]
[Result "1-0"]
[WhiteElo "2189"]
[BlackElo "2361"]
[EventDate "2004.10.15"]

1. d4 Nf6 2. c4 e6 3. Nc3 Bb4 4. e3 O-O 5. Bd3 d5 6. cxd5 exd5 7. Nge2 Re8
8. O-O Bd6 9. f3 c5 10. Kh1 Nc6 11. g4 h6 12. Rg1 a6 13. Qf1 Be6 14. Qg2 c4
15. Bb1 Nb4 16. g5 hxg5 17. Qxg5 Bf8 18. Nf4 b5 19. a3 Nc6 20. Nh5 Nxh5 21.
Qxh5 f5 22. Bxf5 Bxf5 23. Qxf5 Ne7 24. Qe6+ Kh7 25. Rg3 g6 26. Qf7+ Kh6 27.
Rh3+ 1-0

[Event "36th Olympiad w"]
[Site "Calvia ESP"]
[Date "2004.10.19"]
[Round "5"]
[White "Gara,A"]
[Black "Le Kieu Thien Kim"]
[Result "1-0"]
[WhiteElo "2390"]
[BlackElo "2329"]
[EventDate "2004.10.15"]

1. e4 d5 2. exd5 Qxd5 3. Nc3 Qa5 4. d4 Nf6 5. Nf3 c6 6. Bc4 Bg4 7. h3 Bh5
8. Bd2 Qb6 9. Bb3 e6 10. g4 Bg6 11. Qe2 Nbd7 12. g5 Nd5 13. Bxd5 cxd5 14.
Nxd5 Qc6 15. Nc3 O-O-O 16. Nb5 Qe4 17. Nxa7+ Kb8 18. Nb5 Qxc2 19. Ne5 Qe4
20. Qxe4 Bxe4 21. Nxf7 Bxh1 22. Nxd8 Bd5 23. Rc1 e5 24. Rc7 Nb6 25. Nf7 Rg8
26. Nxe5 Bd6 27. Nd7+ Nxd7 28. Rxd7 Bc6 29. Rxd6 Bxb5 30. Bf4 Kc8 31. Be5
Re8 32. Kd2 Re7 33. g6 h6 34. f4 Bd7 35. h4 h5 36. Rd5 Bg4 37. Ra5 Kd7 38.
d5 1-0